书目信息 |
| 题名: |
大学基础英语同步辅导
|
|
| 作者: | 胡玲玲 , 曹根虎 主编 | |
| 分册: | 2 | |
| 出版信息: | 杭州 浙江大学出版社 2003.6 |
|
| 页数: | 257页 | |
| 开本: | 23cm | |
| 丛书名: | ||
| 单 册: | ||
| 中图分类: | H31 | |
| 科图分类: | ||
| 主题词: | 英语--ying yu , 英语--ying yu--高等学校--教学参考资料 | |
| 电子资源: | ||
| ISBN: | 7-308-03319-8 | |
| 000 | 01106nam0 2200337 450 | |
| 000 | 01132nam0 2200337 450 | |
| 000 | 01095nam0 2200325 450 | |
| 000 | 01078nam0 2200325 450 | |
| 000 | 01041nam0 2200313 450 | |
| 001 | CAL 012006040498 | |
| 005 | 20061027163707.28 | |
| 010 | @a7-308-03319-8@dCNY25.00 | |
| 099 | @aCAL 012006040498 | |
| 100 | @a20060825d2003 em y0chiy0120 ea | |
| 101 | 0 | @achi@aeng |
| 102 | @aCN@b330000 | |
| 105 | @ay zq 000yy | |
| 200 | 1 | @a大学基础英语同步辅导@Ada xue ji chu ying yu tong bu fu dao@h2@f胡玲玲, 曹根虎主编 |
| 210 | @a杭州@c浙江大学出版社@d2003.6 | |
| 215 | @a257页@d23cm | |
| 300 | @a高等教育学历文凭考试全国统考课程教材配套用书 | |
| 330 | @a本书由六个部分组成, 内容分重点词汇精讲、课文疑难句注解、附加练习、课文翻译、课后练习答案等。 | |
| 333 | @a读者对象: 参加相关考试的考生 | |
| 510 | 1 | @aEnglish@zeng |
| 606 | 0 | @a英语@Aying yu |
| 606 | 0 | @a英语@Aying yu@x高等学校@j教学参考资料 |
| 690 | @aH31@v4 | |
| 701 | 0 | @a胡玲玲@Ahu ling ling@4主编 |
| 701 | 0 | @a曹根虎@Acao gen hu@4主编 |
| 801 | 0 | @aCN@c20061027 |
| 905 | @apdsgxy@dH31@eH480 | |
| 大学基础英语同步辅导.2/胡玲玲, 曹根虎主编.-杭州:浙江大学出版社,2003.6 |
| 257页;23cm |
| 高等教育学历文凭考试全国统考课程教材配套用书.-使用对象:读者对象: 参加相关考试的考生 |
| ISBN 7-308-03319-8:CNY25.00 |
| 本书由六个部分组成, 内容分重点词汇精讲、课文疑难句注解、附加练习、课文翻译、课后练习答案等。 |
| ● |
| 相关链接 |
|
|
|
正题名:大学基础英语同步辅导
索取号:H31/H480
 
预约/预借
| 序号 | 登录号 | 条形码 | 馆藏地/架位号 | 状态 | 备注 |
| 1 | 630924 | 206309243 | 语言库209/209语言库 82排2列1层/ [索取号:H31/H480] | 在馆 | |
| 2 | 630925 | 206309252 | 语言库209/209语言库 82排2列1层/ [索取号:H31/H480] | 在馆 | |
| 3 | 630926 | 206309261 | 语言库209/209语言库 82排2列1层/ [索取号:H31/H480] | 在馆 |